Evropa ve smrtelném sevření multikulturalismu a islámu /

Hlavní autor: Fendek, Pavel
Jazyk: Čeština
Vydáno: V Pstruží : Lukáš Lhoťan, 2017
Vydání: Vydání: první
Témata:
Fyzický popis: 173 stran ; 21 cm
Knihy
Uloženo v:
LEADER 02433cam a2200661 i 4500
001 nkc20182982483
003 CZ PrNK
005 20201007141049.0
007 ta
008 180209s2017 xr e 000 0 cze d
015 |a cnb002982483 
020 |a 978-80-907004-0-6  |q (brožováno) 
035 |a (OCoLC)1039847817 
040 |a KLG001  |b cze  |d ABA001  |e rda 
043 |a e------ 
045 |a y-y- 
072 7 |a 316.3  |x Globální společnosti. Sociální struktura. Sociální skupiny  |2 Konspekt  |9 18 
080 |a 316.72/.75  |2 MRF 
080 |a 314.15:323.1  |2 MRF 
080 |a 314.151:316.48"2015-"  |2 MRF 
080 |a 28-634-767  |2 MRF 
080 |a 364-786-054.72  |2 MRF 
080 |a 316.42  |2 MRF 
080 |a 32-028.43  |2 MRF 
080 |a (4)  |2 MRF 
080 |a (048.8)  |2 MRF 
100 1 |a Fendek, Pavel  |7 xx0221503  |4 aut 
245 1 0 |a Evropa ve smrtelném sevření multikulturalismu a islámu /  |c Pavel Fendek 
250 |a Vydání: první 
264 1 |a V Pstruží :  |b Lukáš Lhoťan,  |c 2017 
300 |a 173 stran ;  |c 21 cm 
336 |a text  |b txt  |2 rdacontent 
337 |a bez média  |b n  |2 rdamedia 
338 |a svazek  |b nc  |2 rdacarrier 
504 |a Obsahuje bibliografii 
610 2 7 |a Evropská unie  |7 kn20010711086  |2 czenas 
648 7 |a 21. století  |7 ch460559  |2 czenas 
650 0 7 |a multikulturalismus  |7 ph123036  |z Evropa  |y 21. století  |2 czenas 
650 0 7 |a migrační politika  |7 ph137748  |z Evropa  |y 21. století  |2 czenas 
650 0 7 |a migrační krize (2015-)  |7 ph903832  |z Evropa  |2 czenas 
650 0 7 |a islamizace  |7 ph311267  |z Evropa  |y 21. století  |2 czenas 
650 0 7 |a integrace imigrantů  |7 ph164956  |z Evropa  |y 21. století  |2 czenas 
650 0 7 |a sociální změna  |7 ph125820  |2 czenas 
650 0 7 |a kritika politiky  |7 ph478630  |2 czenas 
650 0 9 |a multiculturalism  |z Europe  |y 21st century  |2 eczenas 
650 0 9 |a migration policy  |z Europe  |y 21st century  |2 eczenas 
650 0 9 |a migrant crisis (2015-)  |z Europe  |2 eczenas 
650 0 9 |a islamisation  |z Europe  |y 21st century  |2 eczenas 
650 0 9 |a integration of immigrants  |z Europe  |y 21st century  |2 eczenas 
650 0 9 |a social change  |2 eczenas 
650 0 9 |a political critics  |2 eczenas 
655 7 |a studie  |7 fd133597  |2 czenas 
655 9 |a studies  |2 eczenas 
910 2 |a BOA001  |b 2-1419.082 
920 |a 1169698  |z KLG001 
990 |a BK 
995 |a 01 
996 6 |b 2610763508  |c 2-1419.082  |l MZK  |r Sklad / do 1 hodiny  |n 1  |p p.v.  |w 001697364  |u 000010  |a 1  |e BOA001  |j MZK50  |s P